LEADER 00838nam0-22003011i-450- 001 990000086710403321 035 $a000008671 035 $aFED01000008671 035 $a(Aleph)000008671FED01 035 $a000008671 100 $a20011111d--------km-y0itay50------ba 101 0 $aita 105 $ay-------001yy 200 1 $aDistribution d'eau$fGeorges Daries. 210 $aParis$cV. C. Dunod$d1899 215 $aVIII, 566 p.$cill.$d19 cm 225 1 $aBibliothèque du conducteur de travaux publics 610 0 $aAcque potabili$aDistribuzione 676 $a628.114 700 1$aDariès,$bGeorges$0332702 801 0$aIT$bUNINA$gRICA$2UNIMARC 901 $aBK 912 $a990000086710403321 952 $a13 AR 14 A 12$b4713$fFINBC 959 $aFINBC 996 $aDistribution d'eau$9109836 997 $aUNINA DB $aING01 LEADER 02866nam 2200649Ia 450 001 9910450423003321 005 20200520144314.0 010 $a1-280-44300-6 010 $a1-4237-3581-1 010 $a0-19-535837-6 010 $a1-60129-976-1 035 $a(CKB)1000000000028730 035 $a(EBL)241519 035 $a(OCoLC)166335025 035 $a(SSID)ssj0000258496 035 $a(PQKBManifestationID)11939508 035 $a(PQKBTitleCode)TC0000258496 035 $a(PQKBWorkID)10256879 035 $a(PQKB)10013715 035 $a(MiAaPQ)EBC4701288 035 $a(MiAaPQ)EBC241519 035 $a(Au-PeEL)EBL241519 035 $a(CaPaEBR)ebr10086899 035 $a(EXLCZ)991000000000028730 100 $a19931117d1995 uy 0 101 0 $aeng 135 $aur|n|---||||| 181 $ctxt 182 $cc 183 $acr 200 10$aTheseus and Athens$b[electronic resource] /$fHenry J. Walker 210 $aNew York $cOxford University Press$d1995 215 $a1 online resource (235 p.) 300 $aDescription based upon print version of record. 311 $a0-19-508908-1 320 $aIncludes bibliographical references (p. 207-215) and index. 327 $aContents; 1. Myth and Ritual: Hero Worship in Greece and the Origins of the Theseus Myth; 2. Benevolent Dictators and the Paradox of a Democratic King; 3. The Trozenian Outsider; 4. The Hero-King; 5. The Democratic Ruler; 6. Theseus at Colonus; 7. Theseus Enters History; Bibliography; Index 330 $aTheseus is celebrated as the greatest of Athenian heroes. This work explores what he meant to the Athenians at the height of their city-state in the fifth century B.C. Assembling material that has been scattered in scholarly works, Henry Walker examines the evidence for the development of the myth and cult of Theseus in the archaic age. He then looks to major works of classical literature in which Theseus figures, exploring the contradictions between the archaic, primitive side of his character and his refurbished image as the patron of democracy. His ambiguous nature as outsider, flouting acc 606 $aGreek literature$zGreece$zAthens$xHistory and criticism 606 $aTheseus (Greek mythology) in literature 606 $aKings and rulers in literature 606 $aHeroes in literature 607 $aAthens (Greece)$xCivilization 608 $aElectronic books. 615 0$aGreek literature$xHistory and criticism. 615 0$aTheseus (Greek mythology) in literature. 615 0$aKings and rulers in literature. 615 0$aHeroes in literature. 676 $a880.9/351 700 $aWalker$b Henry J.$f1959-$0442294 801 0$bMiAaPQ 801 1$bMiAaPQ 801 2$bMiAaPQ 906 $aBOOK 912 $a9910450423003321 996 $aTheseus and Athens$985013 997 $aUNINA